Schön und gut : Positionen des Gestaltens seit 1850 ; [zugleich der Tagungsband des gleichnamigen Symposiums, das am 21. und 22. September 2001 im SiemensForum München stattfand]

Saved in:
Bibliographic Details
Corporate Authors: Zentralinstitut für Kunstgeschichte (Herausgebendes Organ)
Bayerischer Kunstgewerbeverein (Herausgebendes Organ)
Document Type: Book
Language:German
Published: München ; Berlin : Dt. Kunstverl. , 2002
Series:Schriftenreihe des Bayerischen Kunstgewerbe-Vereins e.V. 32
Subjects:
Online Access:Inhaltsverzeichnis
Rezension
Rezension
Rezension
Inhaltsverzeichnis
Related Items:Rezensiert in: [Rezension von: Zentralinstitut für Kunstgeschichte / Bayerischer Kunstgewerbe-Verein (Hrsg.), Schön und gut]
Author Notes:hrsg. vom Zentralinstitut für Kunstgeschichte und dem Bayerischen Kunstgewerbeverein e.V. Konzipiert und bearb. von Christoph Hölz
LEADER 06042cam a2200937 c 4500
001 352652152
003 DE-627
005 20260421170705.0
007 tu
008 020816s2002 gw ||||| 00| ||ger c
015 |a 02,N35,0748  |2 dnb 
015 |a 03,A01,1465  |2 dnb 
016 7 |a 964970791  |2 DE-101 
020 |a 3422063870  |9 3-422-06387-0 
035 |a (DE-627)352652152 
035 |a (DE-603)106556592 
035 |a (DE-576)101394802 
035 |a (DE-599)GBV352652152 
035 |a (OCoLC)1532598390 
035 |a (OCoLC)216833122 
035 |a (OCoLC)314287922 
040 |a DE-627  |b ger  |c DE-627  |e rakwb 
041 |a ger 
044 |c XA-DE 
084 |a 46  |2 sdnb 
084 |a 9,11  |a 9,10  |2 ssgn 
084 |a LH 78240  |2 rvk  |0 (DE-625)rvk/95052: 
084 |a LH 61220  |2 rvk  |0 (DE-625)rvk/94220: 
084 |a LK 92320  |2 rvk  |0 (DE-625)rvk/98834: 
084 |a LK 92310  |2 rvk  |0 (DE-625)rvk/98833: 
084 |a LH 46170  |2 rvk  |0 (DE-625)rvk/93609: 
084 |a 21.82  |2 bkl 
084 |a 21.81  |2 bkl 
130 0 |a Kongress 'Schön und Gut' im Siemens Forum 
245 1 0 |a Schön und gut  |b Positionen des Gestaltens seit 1850 ; [zugleich der Tagungsband des gleichnamigen Symposiums, das am 21. und 22. September 2001 im SiemensForum München stattfand]  |c hrsg. vom Zentralinstitut für Kunstgeschichte und dem Bayerischen Kunstgewerbeverein e.V. Konzipiert und bearb. von Christoph Hölz 
263 |a Gb. : EUR 49.00, sfr 81.90 
264 1 |a München  |a Berlin  |b Dt. Kunstverl.  |c 2002 
300 |a 271 Seiten  |b Illustrationen  |c 28 cm 
336 |a Text  |b txt  |2 rdacontent 
337 |a ohne Hilfsmittel zu benutzen  |b n  |2 rdamedia 
338 |a Band  |b nc  |2 rdacarrier 
490 1 |a Schriftenreihe des Bayerischen Kunstgewerbe-Vereins e.V.  |v 32 
583 1 |a Archivierung/Langzeitarchivierung gewährleistet  |f SSG  |x XA-DE-BW  |2 pdager  |5 DE-16 
648 7 |a Geschichte 1850-2000  |2 gnd 
650 0 7 |0 (DE-588)4073883-8  |0 (DE-627)104476257  |0 (DE-576)209191740  |a Kunsthandwerk  |2 gnd 
650 4 |a München 
651 7 |0 (DE-588)4011882-4  |0 (DE-627)104704861  |0 (DE-576)208896155  |a Deutschland  |2 gnd 
655 7 |a Konferenzschrift  |0 (DE-588)1071861417  |0 (DE-627)826484824  |0 (DE-576)433375485  |2 gnd-content 
655 7 |a Aufsatzsammlung  |0 (DE-588)4143413-4  |0 (DE-627)105605727  |0 (DE-576)209726091  |2 gnd-content 
689 0 0 |d g  |0 (DE-588)4011882-4  |0 (DE-627)104704861  |0 (DE-576)208896155  |a Deutschland  |2 gnd 
689 0 1 |d s  |0 (DE-588)4073883-8  |0 (DE-627)104476257  |0 (DE-576)209191740  |a Kunsthandwerk  |2 gnd 
689 0 2 |a z  |2 gnd  |a Geschichte 1850-2000 
689 0 |5 DE-101 
700 1 |a Hölz, Christoph  |d 1962-  |0 (DE-588)118134027  |0 (DE-627)079263917  |0 (DE-576)171934695  |4 oth 
710 2 |a Zentralinstitut für Kunstgeschichte  |e Herausgebendes Organ  |0 (DE-588)39027-6  |0 (DE-627)10089108X  |0 (DE-576)190362650  |4 isb 
710 2 |a Bayerischer Kunstgewerbeverein  |e Herausgebendes Organ  |0 (DE-588)25101-X  |0 (DE-627)100646514  |0 (DE-576)190288906  |4 isb 
710 2 |a SiemensForum  |g München  |0 (DE-588)2159132-5  |0 (DE-627)216350425  |0 (DE-576)195929713  |4 oth 
787 0 8 |i Rezensiert in  |a Hattendorff, Claudia, 1963 -   |t [Rezension von: Zentralinstitut für Kunstgeschichte / Bayerischer Kunstgewerbe-Verein (Hrsg.), Schön und gut]  |d 2003  |w (DE-627)1920411828 
810 2 |a Bayerischer Kunstgewerbeverein  |t Schriftenreihe des Bayerischen Kunstgewerbe-Vereins e.V.  |v 32  |9 32  |w (DE-627)506788245  |w (DE-576)038295695  |w (DE-600)2220433-7  |7 am 
856 4 2 |u http://www.gbv.de/dms/weimar/toc/352652152_toc.pdf  |m V:DE-601  |m B:DE-Wim2  |x Verlag  |y Inhaltsverzeichnis  |3 Inhaltsverzeichnis  |7 1 
856 4 2 |u https://swbplus.bsz-bw.de/bsz101394802rez.htm  |m V:DE-576  |v 2005-08-19  |3 Rezension  |7 1 
856 4 2 |u http://www.sehepunkte.de/2003/07/1743.html  |m V:DE-576;X:Sehepunkte  |q text/html  |v 20180424113622  |3 Rezension  |7 1 
856 4 2 |u https://scans.hebis.de/HEBCGI/show.pl?10655659_rez.pdf  |m V:DE-576  |q application/pdf  |3 Rezension  |7 1 
856 4 2 |u https://scans.hebis.de/HEBCGI/show.pl?10655659_toc.pdf  |m V:DE-604  |q application/pdf  |3 Inhaltsverzeichnis  |7 1 
889 |w (DE-576)491577788 
889 |w (DE-627)720599334 
935 |i Blocktest 
936 r v |a LH 78240  |b 19. und 20. Jahrhundert, insgesamt  |k Kunstgeschichte  |k Allgemeines. Allgemeine Kunstgeschichte  |k Kunstgeschichte einzelner Gattungen der Kunst  |k Kunstgewerbe  |k Ordnung nach Epochen  |k 19., 20. und 21. Jahrhundert  |k 19. und 20. Jahrhundert, insgesamt  |0 (DE-627)1270648829  |0 (DE-625)rvk/95052:  |0 (DE-576)200648829 
936 r v |a LH 61220  |b Didaktik und Methodik des Kunstunterrichts (für verschiedene Schultypen; nur theoretische Unterweisung, kein künstlerisches Gestalten!)  |k Kunstgeschichte  |k Allgemeines. Allgemeine Kunstgeschichte  |k Theorie und Praxis der Bildenden Kunst  |k Kunsterziehung, Kunstbetrachtung  |k Didaktik und Methodik des Kunstunterrichts (für verschiedene Schultypen; nur theoretische Unterweisung, kein künstlerisches Gestalten!)  |0 (DE-627)1271071940  |0 (DE-625)rvk/94220:  |0 (DE-576)201071940 
936 r v |a LK 92320  |b 20. Jahrhundert  |k Kunstgeschichte  |k Kunst nach Ländern bzw. Kontinenten  |k Deutschland  |k Deutsche Kunstgeschichte nach Gattungen  |k Kunstgewerbe  |k Ordnung nach Epochen  |k 20. Jahrhundert  |0 (DE-627)1270638378  |0 (DE-625)rvk/98834:  |0 (DE-576)200638378 
936 r v |a LK 92310  |b 19. Jahrhundert  |k Kunstgeschichte  |k Kunst nach Ländern bzw. Kontinenten  |k Deutschland  |k Deutsche Kunstgeschichte nach Gattungen  |k Kunstgewerbe  |k Ordnung nach Epochen  |k 19. Jahrhundert  |0 (DE-627)1271175819  |0 (DE-625)rvk/98833:  |0 (DE-576)201175819 
936 r v |a LH 46170  |b München  |k Kunstgeschichte  |k Allgemeines. Allgemeine Kunstgeschichte  |k Ausstellungswesen, Ausstellungskataloge  |k Ausstellungskataloge  |k Orte M  |k München  |0 (DE-627)1270651137  |0 (DE-625)rvk/93609:  |0 (DE-576)200651137 
936 b k |a 21.82  |j Industriedesign  |0 (DE-627)106421298 
936 b k |a 21.81  |j Geschichte des Kunsthandwerks und Kunstgewerbes  |0 (DE-627)106422073 
936 s n |a l300  |2 mzub 
951 |a BO 
990 |a Deutschland 
990 |a Kunsthandwerk 
990 |a Geschichte 1850-2000 
991 |a Rezensiertes Werk 
999 |a KXP-PPN352652152  |e 4964326632